000 00698nam a22002297a 4500
003 OSt
005 20140310181741.0
008 130323t xxu||||| |||| 00| 0 eng d
020 _a0879666900
050 _aPE 1595
_b.B715d1 1981
082 _aTR 372.6s
_bB64hn 1981
100 _aBoning, Richard A.
_9392
245 _aReading homonyms. :
_cRichard A. Boning
_bD1 through D4 /
260 _aNew York :
_bBarnell Loft Ltd.,
_cc1981.
300 _a50 p. :
_c18 cm.
_bill. (some col.) ;
521 _aFaculty
541 _j1
562 _e1
650 _aReading
_xProgrammed instruction.
_9771
650 _aReading
_xStudy and teaching (Elementary).
_9772
942 _2lcc
_cBK-TR
_kTR
999 _c2773
_d2773